000 00241nam a2200109Ia 4500
008 240625s9999 xx 000 0 und d
041 _aeng
082 _a658.83 AAK
100 _aAAKER DAVID A
245 _aMARKETING RESEARCH
260 _c2011
999 _c38282
_d38282